000 00154nam a22000857a 4500
082 _a823
100 _aAPJ ABDUL KALAM
245 _aIGNITED MINDS
942 _cBK
999 _c8195
_d8195